000
00266nam a22001217a 4500
020
_a
0-7214-1518-0
082
_a
823
_b
POT/B
100
_a
POTTER BEATRIX
245
_a
BENJAMIN BUNNY
260
_a
ENGLAND
_b
LADY BIRD
650
_a
ENGLISH SHORT STORY
_z
UK
942
_c
BK
999
_c
2090
_d
2090